Moralidades posmodernas /
Guardado en:
| Autor Principal: | |
|---|---|
| Formato: | Libro |
| Publicado: |
Madrid :
Tecnos,
1998
|
| Edición: | 2a. ed. |
| Series: | Metrópolis
|
| Materias: | |
| Etiquetas: |
Agregar Etiqueta
Sin Etiquetas, Sea el primero en etiquetar este registro!
|
| LEADER | 00671nam a22002295a 4500 | ||
|---|---|---|---|
| 001 | EHU.bham023209 | ||
| 003 | AR-BHAM | ||
| 005 | 20101229141801.0 | ||
| 008 | 130507s1998##################000#0#####d | ||
| 082 | 1 | 9 | |a 194 |
| 100 | 1 | |a Lyotard, Jean-francois | |
| 245 | 1 | 0 | |a Moralidades posmodernas / |c Jean-francois Lyotard |
| 250 | |a 2a. ed. | ||
| 260 | |a Madrid : |b Tecnos, |c 1998 | ||
| 300 | |a 179p. | ||
| 490 | 0 | |a Metrópolis | |
| 500 | |a Traducción de Agustín Izquierdo | ||
| 653 | |a Filosofia moderna occidental [europa] | ||
| 653 | |a Filosofia francesa-ensayos | ||
| 653 | |a Posmodernidad | ||
| 653 | |a Moral | ||
| 859 | |a AR-BHAM |b BIB. HUMANIDADES - General |h 194 |i L995-3 |p 162.00 |t Ej.1 | ||
